| 000 | 00462nam a2200169Ia 4500 | ||
|---|---|---|---|
| 008 | 230917s9999||||xx |||||||||||||| ||und|| | ||
| 020 | _cRS1895 | ||
| 040 |
_e244022 _aMAIN |
||
| 041 | _aEnglish | ||
| 082 | _a647.94 R15B | ||
| 100 | _aRana, Virender Singh | ||
| 245 | 0 | _aBasic rooms division in hotels | |
| 260 |
_aNew Delhi _bRandom Publications _c2017 |
||
| 300 | _aviii, 281 p. | ||
| 500 | _a2978 13/12/2017 HBD17/7129 22/12/2017 IHTM (SFS) | ||
| 942 | _cBK | ||
| 999 |
_c25015 _d25015 |
||